Study on prevalence of gastrointestinal parasites of cattle in angkor borei district, takeo province, ការសិក្សាពីកម្រិតរាលដាលនៃបរាសិតក្នុងក្រពះពោះវៀនគោ នៅក្នុងស្រុកអង្គរបូរី ខេត្តតាកែវ (Record no. 7165)

000 -LEADER
fixed length control field 00690nam a22001217a 4500
040 ## - CATALOGING SOURCE
Transcribing agency RUA
082 ## - DEWEY DECIMAL CLASSIFICATION NUMBER
Classification number VEM NHO 2014 B435 O.1
100 ## - MAIN ENTRY--AUTHOR NAME
Personal name NHOEM SARATH; ញឹម សារ៉ាត់
245 ## - TITLE STATEMENT
Title Study on prevalence of gastrointestinal parasites of cattle in angkor borei district, takeo province, ការសិក្សាពីកម្រិតរាលដាលនៃបរាសិតក្នុងក្រពះពោះវៀនគោ នៅក្នុងស្រុកអង្គរបូរី ខេត្តតាកែវ
300 ## - PHYSICAL DESCRIPTION
Number of Pages ix,46p.
Other physical details ill.
Dimensions 29cm.
856 ## - ELECTRONIC LOCATION AND ACCESS
Uniform Resource Identifier https://drive.google.com/file/d/1tNSc5E_rQzpa2vYvyAQCbYjctoUp65m7/view?usp=sharing
942 ## - ADDED ENTRY ELEMENTS (KOHA)
Koha item type VEM
952 ## - LOCATION AND ITEM INFORMATION (KOHA)
Withdrawn status [LOCAL, KOHA] 0
952 ## - LOCATION AND ITEM INFORMATION (KOHA)
Withdrawn status [LOCAL, KOHA] 0
952 ## - LOCATION AND ITEM INFORMATION (KOHA)
Withdrawn status [LOCAL, KOHA] 0
952 ## - LOCATION AND ITEM INFORMATION (KOHA)
Withdrawn status [LOCAL, KOHA] 0
952 ## - LOCATION AND ITEM INFORMATION (KOHA)
Withdrawn status [LOCAL, KOHA] 0
952 ## - LOCATION AND ITEM INFORMATION (KOHA)
Withdrawn status [LOCAL, KOHA] 0
952 ## - LOCATION AND ITEM INFORMATION (KOHA)
Withdrawn status [LOCAL, KOHA] 0
Holdings
Permanent Location Date acquired Koha item type Lost status Shelving location Barcode Current Location Full call number
Library Block B2016-02-27VEM B435RUA052942Library Block BVEM NHO 2014 B435 O.1
Library Block B2016-02-27VEM B435RUA052740Library Block BVEM NHO 2014 B435 O.2
Library Block B2016-02-27VEM B435RUA052837Library Block BVEM NHO 2014 B435 O.3
Library Block B2016-02-27VEM B435RUA052874Library Block BVEM NHO 2014 B435 O.4
Library Block B2016-02-27VEM B435RUA052956Library Block BVEM NHO 2014 B435 O.5
Library Block B2016-02-27VEM B435RUA052957Library Block BVEM NHO 2014 B435 O.6
Library Block B2016-02-27VEM B435RUA052739Library Block BVEM NHO 2014 B435 O.7
មជ្ឈមណ្ឌលឯការនៃសាកលវិទ្យាល័យភូមិន្ទកសិកម្មចំការដូង

Powered by Koha